000 00923nas a2200301 4500
001 BR9804227
003 BR-BrBNA
005 20231205101042.0
007 ta
008 230509b bl.|||p| |||| 00| 00por d
040 _aBR-BrBNA
_bpor
_cBiblioteca Nacional de Agricultura
041 _a(Pt)
072 _aL10
100 1 _aAlencar, M.M. de
100 1 _aTrematore, R.L.
100 1 _aBarbosa, P.F.
100 1 _aFreitas, A.R. de
245 1 _aEfeitos da linhagem citoplasmatica sobre caracteristicas de crescimento em bovinos da raca Canchim
650 _aGado de Corte
650 _aCitoplasma
650 _aHereditariedade
650 _aCrescimento
650 _aGenetica Animal
650 _aSelecao Genetica
773 0 _tRevista Brasileira de Zootecnia (Brazil)
_xISSN 0100-4859
_g(Mar-Apr 1998), v. 27(2) p. 272-276
_wBR9804227
909 _a202311
_bLúcia
_c55
_dLúcia Elande
942 _2AGRIS
_n0
_cANA
999 _c159447
_d159447